logo

Bir Sreshtho Munshi Abdur Rouf Library
Jhenaidah Cadet College

চীন দেশের উপকথা : (Record no. 13350)

MARC details
000 -LEADER
fixed length control field 00958nam a22002417a 4500
003 - CONTROL NUMBER IDENTIFIER
JCCL marc code BD-JhCC
005 - DATE AND TIME OF LATEST TRANSACTION
control field 20230909104026.0
008 - FIXED-LENGTH DATA ELEMENTS--GENERAL INFORMATION
fixed length control field 230909s2015 bg a|||| |||| 000 0 ben d
020 ## - INTERNATIONAL STANDARD BOOK NUMBER
International Standard Book Number 9847016300028
035 ## - SYSTEM CONTROL NUMBER
system control number (BD-JhCC)
040 ## - CATALOGING SOURCE
Original cataloging agency BD-JhCC
Modifying agency BD-JhCC
041 ## - LANGUAGE CODE
Language code of Book eng
082 ## - DEWEY DECIMAL CLASSIFICATION NUMBER
Classification number 398.20951
Author mark and Year CHI 2015
245 ## - TITLE STATEMENT
Title চীন দেশের উপকথা :
Remainder of title শিশু- কিশোর সাহিত্য /
Statement of responsibility, etc অনুবাদক আব্বাস উদ্দিন আহমেদ এবং সম্পাদনায় বাছেত সুজন
260 ## - PUBLICATION, DISTRIBUTION, ETC. (IMPRINT)
Place of publication, distribution, etc ঢাকা :
Name of publisher, distributor, etc রাবেয়া বুকস,
Date of publication, distribution, etc ২০১৫
300 ## - PHYSICAL DESCRIPTION
Pagination ৬৩ পৃ. :
Other physical details চিত্রাবলী,
Dimensions ২৩ সেমি.
650 ## - SUBJECT ADDED ENTRY--TOPICAL TERM
Topical term or geographic name as entry element Fables, Chinese
650 ## - SUBJECT ADDED ENTRY--TOPICAL TERM
Topical term or geographic name as entry element Fairy tales
650 ## - SUBJECT ADDED ENTRY--TOPICAL TERM
Topical term or geographic name as entry element Folklore
700 ## - ADDED ENTRY--PERSONAL NAME
Personal name আহমেদ, আব্বাস উদ্দিন
700 ## - ADDED ENTRY--PERSONAL NAME
Personal name সুজন, বাছেত
942 ## - ADDED ENTRY ELEMENTS (KOHA)
Source of classification or shelving scheme Dewey Decimal Classification
Koha item type Books
Holdings
Source of classification or shelving scheme Damaged status Not for loan Home library Current library Shelving location Date of accession Cost, normal purchase price Total Checkouts Full call number Barcode Date last seen Date checked out Copy number Method of acquisition Koha item type Currency
Dewey Decimal Classification     JCC Rouf Library JCC Rouf Library General Stacks 06/23/2023 113.00 1 398.20951 CHI 2015 18175 11/13/2025 10/30/2025 C-1 Purchase Books BDT

JCC Library | Contacts | JCC Home

Last Update on 23 September 2017
Copyright @ 2017-2020 JCC Rouf Library
Rouf Library, Jhenidah Cadet College (JCC), Bangladesh